| 000 | 00678nam a2200205 a 4500 | ||
|---|---|---|---|
| 001 | 000033519 | ||
| 003 | DO-SdBNP | ||
| 005 | 20220804113015.0 | ||
| 007 | ta | ||
| 008 | 110830s1937 dr 000 0 spa d | ||
| 040 |
_aDO-SdBNP _bspa _cBNPHU |
||
| 082 |
_axxxx _bA973 |
||
| 100 |
_aAybar, Jóse Enrique _956271 |
||
| 245 | 1 | 0 |
_aDiscurso político pronunciado por el Dr. José Enrique Aybar : _bdiputado al Congreso Nacional por la Provincia de Monte Cristy _cJosé Enrique Aybar. |
| 260 |
_aVilla Isabel, Monte Cristy, República Dominicana : _bLa Nación, _c1937. |
||
| 300 |
_a9 p. ; _c22 cm. |
||
| 590 | _aInventariado, 2022/ YL | ||
| 910 | _aYLockward | ||
| 942 |
_2ddc _cLF2 |
||
| 999 |
_c33010 _d33010 |
||